| 000 -LEADER |
| fixed length control field |
01461nam a22003977a 4500 |
| 001 - CONTROL NUMBER |
| control field |
2541601 |
| 003 - CONTROL NUMBER IDENTIFIER |
| control field |
OSt |
| 005 - DATE AND TIME OF LATEST TRANSACTION |
| control field |
20210419081653.0 |
| 008 - FIXED-LENGTH DATA ELEMENTS--GENERAL INFORMATION |
| fixed length control field |
940513s1994 nyua 000 0aeng |
| 010 ## - LIBRARY OF CONGRESS CONTROL NUMBER |
| LC control number |
94020131 |
| 020 ## - INTERNATIONAL STANDARD BOOK NUMBER |
| International Standard Book Number |
0312113420 |
| 040 ## - CATALOGING SOURCE |
| Original cataloging agency |
DLC |
| Transcribing agency |
DLC |
| Modifying agency |
DLC |
| Language of cataloging |
eng |
| 041 ## - LANGUAGE CODE |
| Language code of text/sound track or separate title |
eng |
| 043 ## - GEOGRAPHIC AREA CODE |
| Geographic area code |
e-uk-en |
| 050 00 - LIBRARY OF CONGRESS CALL NUMBER |
| Classification number |
SF445.5 |
| Item number |
.H47 1994 |
| 080 ## - UNIVERSAL DECIMAL CLASSIFICATION NUMBER |
| Universal Decimal Classification number |
821.111 |
| Item number |
H-58 |
| 082 00 - DEWEY DECIMAL CLASSIFICATION NUMBER |
| Classification number |
636.8 |
| Edition number |
20 |
| 100 1# - MAIN ENTRY--PERSONAL NAME |
| Personal name |
Herriot, James. |
| 240 10 - UNIFORM TITLE |
| Uniform title |
Cat stories |
| 245 10 - TITLE STATEMENT |
| Title |
James Herriot's cat stories / |
| Statement of responsibility, etc. |
James Herriot ; with illustrations by Lesley Holmes. |
| Remainder of title |
/ by: St. Martin's Press |
| 246 30 - VARYING FORM OF TITLE |
| Title proper/short title |
Cat stories |
| 250 ## - EDITION STATEMENT |
| Edition statement |
1st edition |
| 260 ## - PUBLICATION, DISTRIBUTION, ETC. |
| Place of publication, distribution, etc. |
New York |
| Name of publisher, distributor, etc. |
St. Martin's Press |
| Date of publication, distribution, etc. |
1994. |
| 300 ## - PHYSICAL DESCRIPTION |
| Extent |
xiii, 161 p. |
| Other physical details |
col. ill. ; |
| Dimensions |
20 cm. |
| 365 ## - TRADE PRICE |
| Price amount |
16.95 usd |
| 650 #0 - SUBJECT ADDED ENTRY--TOPICAL TERM |
| Topical term or geographic name entry element |
Cats |
| Geographic subdivision |
England |
| -- |
Yorkshire |
| General subdivision |
Anecdotes. |
| 650 #0 - SUBJECT ADDED ENTRY--TOPICAL TERM |
| Topical term or geographic name entry element |
English literature |
| 9 (RLIN) |
254 |
| 650 #0 - SUBJECT ADDED ENTRY--TOPICAL TERM |
| Topical term or geographic name entry element |
Cats |
| Geographic subdivision |
England |
| -- |
Yorkshire |
| General subdivision |
Biography. |
| 650 #0 - SUBJECT ADDED ENTRY--TOPICAL TERM |
| Topical term or geographic name entry element |
Veterinarians |
| Geographic subdivision |
England |
| -- |
Yorkshire |
| General subdivision |
Biography. |
| 653 ## - INDEX TERM--UNCONTROLLED |
| Uncontrolled term |
ინგლისური ლიტერატურა |
| 856 42 - ELECTRONIC LOCATION AND ACCESS |
| Materials specified |
Contributor biographical information |
| Uniform Resource Identifier |
<a href="http://www.loc.gov/catdir/enhancements/fy1001/94020131-b.html">http://www.loc.gov/catdir/enhancements/fy1001/94020131-b.html</a> |
| 856 42 - ELECTRONIC LOCATION AND ACCESS |
| Materials specified |
Publisher description |
| Uniform Resource Identifier |
<a href="http://www.loc.gov/catdir/enhancements/fy1001/94020131-d.html">http://www.loc.gov/catdir/enhancements/fy1001/94020131-d.html</a> |
| 906 ## - LOCAL DATA ELEMENT F, LDF (RLIN) |
| a |
7 |
| b |
cbc |
| c |
orignew |
| d |
1 |
| e |
ocip |
| f |
19 |
| g |
y-gencatlg |
| 942 ## - ADDED ENTRY ELEMENTS (KOHA) |
| Source of classification or shelving scheme |
|
| Koha item type |
Books |
| Edition |
1 |